| 000 | 00364nam a2200145Ia 4500 | ||
|---|---|---|---|
| 008 | 230917s9999||||xx |||||||||||||| ||und|| | ||
| 040 |
_e121595 _aMAIN |
||
| 041 | _aEnglish | ||
| 082 | _a547.2 F464R | ||
| 100 | _aFieser, Mary | ||
| 245 | 0 | _aReagents for organic synthesis. V2 | |
| 260 |
_aNew York _bWiley Interscience _c1969 |
||
| 300 | _a538 p. | ||
| 942 | _cBK | ||
| 999 |
_c167012 _d167012 |
||